| 000 | 00821nam a22003130a 4500 | ||
|---|---|---|---|
| 001 | PT42152 | ||
| 003 | AR-LpoUNG | ||
| 005 | 20210201010319.0 | ||
| 008 | 201001s1998||||ag |||||||||||||||||spa d | ||
| 020 |
_a9789501113730 _c$2.50 |
||
| 040 |
_aAR-LpoUNG _bspa _eaacr |
||
| 041 | _aspa | ||
| 044 | _aag | ||
| 082 | 0 | _a808.068 3 452fan | |
| 100 | 1 | _aMaupassant, Guy de | |
| 245 | 1 | 0 | _aClásicos fantásticos |
| 250 | _a1ra. ed. | ||
| 260 |
_aBuenos Aires : _bSigmar, _c1998. |
||
| 300 |
_a71 p. : _btbls., gráfs. _3Impreso |
||
| 490 | 0 | _aClásicos juveniles | |
| 650 | 4 | _aCUENTOS | |
| 650 | 4 | _aLITERATURA | |
| 651 | 4 | _aDOCUMENTOS TEORICOS O METODOLOGICOS | |
| 653 | _aLITERATURA INFANTOJUVENIL | ||
| 700 | 1 | _aBraddon, Mary E. | |
| 700 | 1 | _aVilliers, de l'isle, Adam | |
| 905 | _a42152 | ||
| 942 | _cLIB | ||
| 999 |
_c50895 _d50895 |
||